Agrarian development programmes of African countries (Record no. 132868)

MARC details
000 -LEADER
fixed length control field 00743nam a2200253Ia 4500
003 - CONTROL NUMBER IDENTIFIER
control field OSt
005 - DATE AND TIME OF LATEST TRANSACTION
control field 20220918170148.0
008 - FIXED-LENGTH DATA ELEMENTS--GENERAL INFORMATION
fixed length control field 220917b |||||||| |||| 00| 0 eng d
020 ## - INTERNATIONAL STANDARD BOOK NUMBER
International Standard Book Number 9171060863 (hbk)
037 ## - SOURCE OF ACQUISITION
Terms of availability Textual
040 ## - CATALOGING SOURCE
Original cataloging agency ARTS
Transcribing agency ARTS
Language of cataloging eng
041 ## - LANGUAGE CODE
Source of code eng
Language code of text/sound track or separate title eng
100 ## - MAIN ENTRY--PERSONAL NAME
Personal name Okereke O
9 (RLIN) 27373
245 #0 - TITLE STATEMENT
Title Agrarian development programmes of African countries
Remainder of title a reappraisal of problems of policy
260 ## - PUBLICATION, DISTRIBUTION, ETC.
Place of publication, distribution, etc. Uppsala
Name of publisher, distributor, etc. The Scandinavia Institute Of African studies
Date of publication, distribution, etc. 1975
490 ## - SERIES STATEMENT
Series statement Research report no.26
650 ## - SUBJECT ADDED ENTRY--TOPICAL TERM
Topical term or geographic name entry element HISTORY
942 ## - ADDED ENTRY ELEMENTS (KOHA)
Classification part V6:4(J).N, L5
Koha item type Textual
Source of classification or shelving scheme Colon Classification (CC)
Holdings
Withdrawn status Lost status Damaged status Not for loan Home library Current library Date acquired Total Checkouts Full call number Barcode Date last seen Price effective from Koha item type
        Arts Library Arts Library 2022-09-18   V6:4(J).N L5 AL0351611 2022-09-18 2022-09-18 Textual
Copyright @ Delhi University Library System